[Event "Hilton Open 2011"]
[Site "Basel"]
[Date "2011.01.04"]
[Round "5"]
[White "Hamdouchi, Hichem"]
[Black "Filipovic, Branko"]
[Result "1-0"]
[WhiteElo "2592"]
[BlackElo "2413"]
[PlyCount "89"]
[EventDate "2011.01.??"]
[EventType "swiss"]
[EventRounds "7"]
[EventCategory "1"]
[SourceDate "2011.01.02"]

1. e4 b6 2. d4 Bb7 3. Bd3 Nf6 4. Qe2 e6 5. Nf3 d5 6. e5 Nfd7 7. a3 Be7 8. h4 c5
9. c3 c4 10. Bc2 h6 11. h5 Nc6 12. O-O Qc7 13. Nh2 O-O-O 14. f4 Kb8 15. Be3 Nf8
16. Nd2 Bc8 17. Rf3 Rg8 18. Ng4 Re8 19. Raf1 Nd8 20. Bf2 f5 21. exf6 gxf6 22.
Rg3 Rh8 23. f5 exf5 24. Nxf6 Bxf6 25. Qxe8 f4 26. Rf3 Nfe6 27. Qg6 Bg5 28. Re1
Bd7 29. Re5 Be8 30. Qf5 Ng7 31. Qh3 Bd7 32. Qh2 Qd6 33. Rxf4 Nxh5 34. Qxh5 Bxf4
35. Rxd5 Qc7 36. Nf3 Bc6 37. Rf5 Rg8 38. Rf6 Be8 39. Qd5 Bf7 40. Qf5 Bd6 41.
Be4 Re8 42. Ne5 Be6 43. Qh5 Rf8 44. Rxf8 Bxf8 45. Qe8 1-0

[Event "Hilton Open 2011"]
[Site "Basel"]
[Date "2011.01.04"]
[Round "5"]
[White "Bender, Dirk"]
[Black "Grandadam, Nicolas"]
[Result "0-1"]
[WhiteElo "2112"]
[BlackElo "2286"]
[PlyCount "94"]
[EventDate "2011.01.??"]
[EventType "swiss"]
[EventRounds "7"]
[EventCategory "1"]
[SourceDate "2011.01.02"]

1. c4 e6 2. Nc3 d5 3. cxd5 exd5 4. d4 c6 5. Bf4 Nf6 6. e3 Bd6 7. Bxd6 Qxd6 8.
Bd3 O-O 9. Nf3 Bg4 10. h3 Bh5 11. Qc2 Nbd7 12. Nh2 Bg6 13. Bxg6 hxg6 14. O-O
Rfe8 15. Na4 Ne4 16. Rfc1 g5 17. Nc5 Ndxc5 18. dxc5 Qd7 19. b4 a6 20. Rab1 f5
21. Qd1 Re6 22. Rb3 Rf8 23. f4 Ng3 24. Rc2 gxf4 25. exf4 Rfe8 26. Nf3 Ne2+ 27.
Rxe2 Rxe2 28. Ne5 R8xe5 29. fxe5 Rxe5 30. Qf3 Qe6 31. Qf4 Re1+ 32. Kh2 Qe5 33.
Kg3 Kf7 34. Qxe5 Rxe5 35. a4 Re4 36. b5 axb5 37. axb5 Rc4 38. bxc6 bxc6 39.
Rb7+ Kf6 40. Rd7 Rc3+ 41. Kf2 Rxc5 42. Rd6+ Kf7 43. Ke3 Rc4 44. g3 g6 45. h4
Re4+ 46. Kf3 Re6 47. Rd7+ Ke8 0-1

[Event "Hilton Open 2011"]
[Site "Basel"]
[Date "2011.01.04"]
[Round "5"]
[White "Sand, Rolf"]
[Black "Moser, Guido"]
[Result "1/2-1/2"]
[WhiteElo "2033"]
[BlackElo "2007"]
[PlyCount "95"]
[EventDate "2011.01.??"]
[EventType "swiss"]
[EventRounds "7"]
[EventCategory "1"]
[SourceDate "2011.01.02"]

1. e4 c5 2. Nf3 Nc6 3. d4 cxd4 4. Nxd4 g6 5. Nc3 Bg7 6. Be3 Nf6 7. Bc4 Qa5 8.
O-O O-O 9. Bb3 d6 10. h3 Bd7 11. f4 Nxd4 12. Bxd4 Bc6 13. Qd3 Rfd8 14. Rad1 e5
15. Be3 Rd7 16. f5 Rad8 17. fxg6 hxg6 18. Bg5 d5 19. Bxf6 Bxf6 20. Bxd5 Bxd5
21. Nxd5 Bg7 22. Qc4 b5 23. Qc6 Kh8 24. a3 Rd6 25. Qc5 R8d7 26. Rd3 a6 27. Rfd1
Qd8 28. Nb4 Rd4 29. Rxd4 exd4 30. Nd3 Qc7 31. Qxc7 Rxc7 32. Rd2 Bh6 33. Re2 Kg8
34. g4 Kf8 35. Kg2 Ke7 36. Kf3 Ke6 37. Rg2 Be3 38. Nb4 Bc1 39. Nd3 Be3 40. e5
Kd5 41. g5 a5 42. h4 Rc6 43. Re2 Kc4 44. Ke4 b4 45. b3+ Kc3 46. a4 Rc8 47. Kd5
Rh8 48. e6 1/2-1/2

[Event "Hilton Open 2011"]
[Site "Basel"]
[Date "2011.01.04"]
[Round "5"]
[White "Meier, Franz"]
[Black "Graeber, Fabien"]
[Result "0-1"]
[WhiteElo "2003"]
[BlackElo "2086"]
[PlyCount "100"]
[EventDate "2011.01.??"]
[EventType "swiss"]
[EventRounds "7"]
[EventCategory "1"]
[SourceDate "2011.01.02"]

1. e4 e6 2. d4 d5 3. Nc3 Nf6 4. Bg5 Be7 5. e5 Nfd7 6. h4 Bxg5 7. hxg5 Qxg5 8.
Nh3 Qe7 9. Nf4 Nc6 10. Qd2 g6 11. O-O-O Nb6 12. Kb1 Bd7 13. Be2 O-O-O 14. Rh6
Qg5 15. Nfxd5 Qxd2 16. Nxb6+ axb6 17. Rxd2 Be8 18. Bb5 Nxd4 19. Bxe8 Nf5 20.
Rxd8+ Kxd8 21. Rh1 Kxe8 22. g4 Nd4 23. f4 h5 24. Kc1 Ke7 25. Rh2 h4 26. Ne4 h3
27. Kd1 Nf3 28. Rh1 g5 29. Nxg5 Nxg5 30. fxg5 h2 31. Ke2 Kd7 32. Kf3 Kc6 33.
Kf4 Kd5 34. Rd1+ Kc4 35. Rh1 b5 36. g6 fxg6 37. Kg5 Kd5 38. Kxg6 Kxe5 39. Kg7
Rh4 40. g5 Kf4 41. g6 Kg3 42. Kf7 e5 43. g7 Rg4 44. Re1 Kf2 45. Rd1 e4 46. Rd2+
Kg3 47. Rd1 e3 48. Re1 Kf2 49. Rh1 Kg2 50. Re1 h1=Q 0-1

[Event "Hilton Open 2011"]
[Site "Basel"]
[Date "2011.01.04"]
[Round "5"]
[White "Scherer, Max"]
[Black "Bae, Torstein"]
[Result "1-0"]
[WhiteElo "2252"]
[BlackElo "2411"]
[PlyCount "99"]
[EventDate "2011.01.??"]
[EventType "swiss"]
[EventRounds "7"]
[EventCategory "1"]
[SourceDate "2011.01.02"]

1. c4 c6 2. Nf3 d5 3. b3 Nf6 4. Bb2 Bf5 5. g3 e6 6. Bg2 Nbd7 7. O-O Bd6 8. d3
O-O 9. Nc3 h6 10. e4 Bg4 11. Qc2 dxc4 12. dxc4 Qe7 13. h3 Bxf3 14. Bxf3 e5 15.
Nd1 Bc5 16. Bc1 Rfd8 17. Ne3 g6 18. Ng2 h5 19. Bb2 Nh7 20. Nh4 Bd4 21. Rad1
Bxb2 22. Qxb2 Ng5 23. Bg2 Nc5 24. Kh2 Kh7 25. Nf3 Nxf3+ 26. Bxf3 Qf6 27. Bg2 h4
28. Kg1 Kg8 29. Qc3 Qg5 30. gxh4 Qf4 31. Qe3 Ne6 32. Qxf4 Nxf4 33. Kh2 Kf8 34.
Bf3 Ke7 35. Bg4 Rxd1 36. Rxd1 Rd8 37. Rxd8 Kxd8 38. Kg3 Kc7 39. h5 gxh5 40. Bf3
Kd6 41. Kh4 Kc5 42. Bxh5 f6 43. Bf7 Kb4 44. Kg4 Ka3 45. h4 Kxa2 46. c5 Ka3 47.
Kf5 Kb4 48. Kxf6 Nd3 49. h5 Nxf2 50. Kf5 1-0

[Event "Hilton Open 2011"]
[Site "Basel"]
[Date "2011.01.04"]
[Round "5"]
[White "Clausen, Martin"]
[Black "Toth, Bela"]
[Result "0-1"]
[WhiteElo "2082"]
[BlackElo "2347"]
[PlyCount "114"]
[EventDate "2011.01.??"]
[EventType "swiss"]
[EventRounds "7"]
[EventCategory "1"]
[SourceDate "2011.01.02"]

1. e4 c5 2. c4 Nc6 3. g3 g6 4. Bg2 Bg7 5. Nc3 d6 6. d3 Nf6 7. Nge2 O-O 8. O-O
Nd7 9. f4 Nd4 10. g4 Nxe2+ 11. Qxe2 Nb8 12. f5 Nc6 13. Bg5 h6 14. Bh4 g5 15.
Bg3 Be5 16. Nd5 f6 17. Qd2 Bd7 18. Bf3 Bxg3 19. hxg3 Ne5 20. a4 Kg7 21. Kf2 Rh8
22. Rh1 Bc6 23. Ne3 Qb6 24. Be2 Qc7 25. Qc3 b6 26. b3 a6 27. Rhb1 Qd7 28. Rh1
Rhb8 29. Ra2 Ra7 30. Rha1 Rba8 31. b4 Qd8 32. Qb2 cxb4 33. Qxb4 Nd7 34. Nc2 Nc5
35. Ke3 Qc7 36. Nd4 Bd7 37. Bd1 d5 38. cxd5 Qxg3+ 39. Bf3 Qf4+ 40. Ke2 Qd6 41.
a5 b5 42. Qd2 Rc8 43. Rh1 Rac7 44. Qe3 Na4 45. Rd2 Rc1 46. Kf2 Rxh1 47. Bxh1
Nc3 48. Nf3 b4 49. d4 Qc7 50. e5 Nxd5 51. Qb3 Qc4 52. Qb1 Nf4 53. d5 Nxd5 54.
Nd4 Nc3 55. Qe1 Qc5 56. e6 Ba4 57. Qe3 Nd1+ 0-1

[Event "Hilton Open 2011"]
[Site "Basel"]
[Date "2011.01.04"]
[Round "5"]
[White "Mirzoev, Azer"]
[Black "Kolbus, Dietmar"]
[Result "1-0"]
[WhiteElo "2563"]
[BlackElo "2332"]
[PlyCount "141"]
[EventDate "2011.01.??"]
[EventType "swiss"]
[EventRounds "7"]
[EventCategory "1"]
[SourceDate "2011.01.02"]

1. d4 d5 2. Nf3 c6 3. c4 Nf6 4. Qc2 g6 5. e3 Bg7 6. Nc3 O-O 7. Qb3 Qb6 8. cxd5
Qxb3 9. axb3 Nxd5 10. Nxd5 cxd5 11. Bd2 Nc6 12. b4 Be6 13. b5 Nb8 14. Be2 Rc8
15. Bb4 Bf6 16. Kd2 Nd7 17. Rhc1 Rxc1 18. Rxc1 Kf8 19. Ne1 Ke8 20. Nd3 Nb6 21.
Nc5 Bc8 22. g4 e6 23. f4 Be7 24. g5 Bd7 25. Ba5 Bxc5 26. dxc5 Nc4+ 27. Bxc4
dxc4 28. b6 a6 29. Bc3 Rc8 30. Bd4 Bb5 31. Kc3 Rd8 32. h4 e5 33. fxe5 Rc8 34.
h5 Ke7 35. hxg6 hxg6 36. Rc2 Rc6 37. Rh2 Rc8 38. Kb4 Ke6 39. Rf2 Rc6 40. Bc3
Ke7 41. e4 Re6 42. Rh2 Bc6 43. Rh4 Bb5 44. Bd4 Kd7 45. Kc3 Ke7 46. Kd2 Bc6 47.
Ke3 Kd7 48. Bc3 Bb5 49. Rf4 Ke8 50. Bd4 Ke7 51. Rh4 Kd7 52. Rh7 Re7 53. Kd2 Bc6
54. Ke3 Bb5 55. e6+ Kxe6 56. Rh4 Bc6 57. Rf4 Kd7 58. Bf6 Re8 59. Kd4 Bb5 60.
Be5 Bc6 61. Rxf7+ Re7 62. Rf6 Re6 63. Rf4 c3 64. bxc3 Ke8 65. Bd6 Kd7 66. e5
Kd8 67. Rf7 Bd7 68. Rg7 Bc6 69. Rc7 Bg2 70. c6 Bxc6 71. Rxc6 1-0

[Event "Hilton Open 2011"]
[Site "Basel"]
[Date "2011.01.04"]
[Round "5"]
[White "Vulevic, Vjekoslav"]
[Black "Liepold, Stefan"]
[Result "0-1"]
[WhiteElo "2293"]
[BlackElo "2252"]
[PlyCount "166"]
[EventDate "2011.01.??"]
[EventType "swiss"]
[EventRounds "7"]
[EventCategory "1"]
[SourceDate "2011.01.02"]

1. Nf3 d5 2. g3 Nf6 3. Bg2 g6 4. c4 dxc4 5. Qa4+ Nfd7 6. h4 h5 7. Ng5 Bg7 8.
Na3 O-O 9. Nxc4 Na6 10. O-O Nb6 11. Nxb6 axb6 12. d3 Bd7 13. Qc4 Nc5 14. Rb1
Bc6 15. Bxc6 bxc6 16. b4 Na4 17. Bd2 Qd5 18. Rfc1 Rfc8 19. Rc2 Qxc4 20. Rxc4 c5
21. bxc5 Nxc5 22. Rc2 Nd7 23. Ne4 c5 24. Bg5 Kf8 25. Nd2 Ra6 26. Nc4 Rc6 27.
Bf4 Ke8 28. e4 Bd4 29. Kf1 f6 30. f3 Ne5 31. Bxe5 Bxe5 32. f4 Bd4 33. a3 f5 34.
Re2 Kd7 35. Rb3 fxe4 36. Rxe4 Rf6 37. Kg2 Rc6 38. g4 hxg4 39. Kg3 Bf6 40. Kxg4
Kc7 41. Ne5 Bxe5 42. fxe5 Ra8 43. a4 Re6 44. Rc3 Kc6 45. Rb3 Kd5 46. Rf4 Rh8
47. d4 cxd4 48. Rb4 Kc6 49. Rc4+ Kb7 50. Rfxd4 Rxe5 51. Rd7+ Ka6 52. Rdc7 Reh5
53. Kg3 g5 54. hxg5 Rxg5+ 55. Kf4 Ra5 56. Ke3 Rh3+ 57. Kd2 Rd5+ 58. Ke2 Re5+
59. Kf2 Rhh5 60. Rb4 Rhf5+ 61. Kg3 Re6 62. Kg4 Rf8 63. Kg5 Re1 64. Kg6 Rg1+ 65.
Kh7 Rf7+ 66. Kh8 Rf8+ 67. Kh7 Rf3 68. Rh4 Re3 69. Rcc4 Reg3 70. Rc6 Rg7+ 71.
Kh6 Rg8 72. Kh7 R1g7+ 73. Kh6 Rh8+ 74. Kxg7 Rxh4 75. Kf7 e5 76. Re6 Rxa4 77.
Kf6 Ka5 78. Kxe5 b5 79. Kd5 Rh4 80. Re5 b4 81. Kc5 Ka4 82. Re1 Ka3 83. Rc1 Kb2
0-1

[Event "Hilton Open 2011"]
[Site "Basel"]
[Date "2011.01.04"]
[Round "5"]
[White "Lekic, Dusan"]
[Black "Kelecevic, Nedeljko"]
[Result "1/2-1/2"]
[WhiteElo "2389"]
[BlackElo "2281"]
[PlyCount "135"]
[EventDate "2011.01.??"]
[EventType "swiss"]
[EventRounds "7"]
[EventCategory "1"]
[SourceDate "2011.01.02"]

1. d4 Nf6 2. c4 e6 3. Nc3 Bb4 4. e3 O-O 5. Bd3 d5 6. Nf3 dxc4 7. Bxc4 c5 8. O-O
cxd4 9. exd4 b6 10. Bg5 Bb7 11. Re1 Nbd7 12. Rc1 Bxc3 13. bxc3 Qb8 14. Bd3 Qd6
15. Bh4 Rac8 16. Bg3 Qd5 17. c4 Qa5 18. Nd2 Rfd8 19. Nb3 Qa4 20. Re3 a5 21. Bh4
Qc6 22. Rg3 Kh8 23. Nd2 Qd6 24. Nf3 Bxf3 25. Qxf3 Qxd4 26. Bg5 Ne5 27. Qxf6
Nxd3 28. Qxd4 Rxd4 29. Rd1 Nf4 30. Rxd4 Ne2+ 31. Kf1 Nxd4 32. Rc3 f6 33. Be3 e5
34. Ke1 Rc6 35. Kd2 Nf5 36. Kd3 Nxe3 37. fxe3 Kg8 38. Ke4 Rc5 39. Kd3 b5 40.
cxb5 Rxb5 41. Ra3 Rb2 42. g4 Rxh2 43. Ke4 h5 44. g5 fxg5 45. Rxa5 g6 46. a4 Ra2
47. Kxe5 Kg7 48. Ke4 g4 49. Kf4 Kh6 50. Kg3 Ra3 51. Kf4 g3 52. Kxg3 Rxe3+ 53.
Kf4 Ra3 54. Ra8 Ra1 55. Rh8+ Kg7 56. Ra8 Rf1+ 57. Kg5 Rf5+ 58. Kh4 Rf4+ 59. Kh3
Kh6 60. a5 Kg5 61. a6 Rf6 62. a7 Rf7 63. Kg3 Kf5 64. Kh3 Kg5 65. Kg3 Rb7 66.
Kh3 h4 67. Rb8 Rxa7 68. Rb5+ 1/2-1/2

[Event "Hilton Open 2011"]
[Site "Basel"]
[Date "2011.01.02"]
[Round "3"]
[White "Abbasov, Farid"]
[Black "Liepold, Stefan"]
[Result "1/2-1/2"]
[WhiteElo "2537"]
[BlackElo "2254"]
[PlyCount "86"]
[EventDate "2011.01.??"]
[EventRounds "7"]
[EventCategory "1"]
[SourceDate "2011.01.02"]

1. d4 Nf6 2. c4 g6 3. Nc3 d5 4. Nf3 Bg7 5. Qb3 dxc4 6. Qxc4 O-O 7. e4 Na6 8.
Be2 c5 9. d5 e6 10. O-O exd5 11. exd5 Bf5 12. Nh4 Bd7 13. Rd1 Re8 14. h3 b5 15.
Qf4 Qb6 16. a3 Nc7 17. Be3 a5 18. Bf3 b4 19. axb4 axb4 20. Rxa8 Rxa8 21. d6 Ne6
22. Qc4 Qa6 23. b3 bxc3 24. Bxa8 Qxa8 25. Qxc3 Nd5 26. Qd3 Nxe3 27. fxe3 Ng5
28. Qd5 Qxd5 29. Rxd5 Ne4 30. Nf3 f6 31. Nd2 Nxd2 32. Rxd2 Kf7 33. Rd5 Ke6 34.
Rxc5 Kxd6 35. Ra5 f5 36. Kf2 Bc3 37. Ra6+ Kc5 38. Ra7 Kc6 39. Kf3 Bb4 40. e4
fxe4+ 41. Kxe4 Bf5+ 42. Kf3 h5 43. Ra8 Be6 1/2-1/2

[Event "Hilton Open 2010"]
[Site "Basel"]
[Date "2010.01.??"]
[Round "?"]
[White "Mirzoev, Azer"]
[Black "Meijers, Viesturs"]
[Result "1-0"]
[WhiteElo "2617"]
[BlackElo "2488"]
[PlyCount "125"]
[SourceDate "2009.12.28"]

1. d4 e6 2. Nf3 b6 3. e4 Bb7 4. Bd3 c5 5. c3 Nf6 6. Nbd2 Nc6 7. a3 d5 8. e5 Nd7
9. b4 a5 10. b5 Ne7 11. O-O c4 12. Bc2 g6 13. a4 Nf5 14. Re1 h5 15. Nf1 Be7 16.
Ba3 Bxa3 17. Rxa3 Qe7 18. Ra1 Nf8 19. Qd2 Bc8 20. h3 Bd7 21. g3 Nh7 22. Kg2
O-O-O 23. N1h2 Rdg8 24. Rh1 Qd8 25. Rag1 Be8 26. Nf1 Nf8 27. Qg5 Nh7 28. Qxd8+
Kxd8 29. g4 Ng7 30. Ng3 Nf8 31. Nd2 Nd7 32. f4 Rh6 33. Bd1 hxg4 34. hxg4 Rgh8
35. Rxh6 Rxh6 36. Nf3 Ke7 37. Bc2 Rh8 38. Nf1 f5 39. exf6+ Kxf6 40. Ne3 Ke7 41.
Kg3 Kd6 42. Ng2 Ke7 43. Ngh4 Nf8 44. Ne5 Rh6 45. Re1 Kd6 46. Re2 Ke7 47. Rh2
Kd6 48. Rh3 Ke7 49. Bb1 Kd6 50. g5 Rh7 51. Nhxg6 Bxg6 52. Nxg6 Rxh3+ 53. Kxh3
Nxg6 54. Bxg6 Ke7 55. Kg4 Kd6 56. Bc2 Ke7 57. f5 exf5+ 58. Bxf5 Ne8 59. Bh7 Kd6
60. Bg6 Nc7 61. Bf7 Ke7 62. g6 Kf6 63. Kf4 1-0

[Event "Hilton Open 2010"]
[Site "Basel"]
[Date "2010.01.??"]
[Round "?"]
[White "Mirzoev, Azer"]
[Black "Meyer, Bernhard"]
[Result "1-0"]
[WhiteElo "2617"]
[BlackElo "2163"]
[PlyCount "73"]
[SourceDate "2009.12.28"]

1. d4 Nf6 2. c4 e6 3. Nc3 d5 4. Nf3 Nbd7 5. Bg5 Be7 6. e3 O-O 7. Qc2 c6 8. a3
Re8 9. Bd3 a6 10. c5 e5 11. dxe5 Ng4 12. Bxh7+ Kh8 13. Bf4 Bxc5 14. e6 fxe6 15.
Bg6 Rf8 16. Ng5 e5 17. h3 Nh6 18. Ne6 Qf6 19. Nxf8 Nxf8 20. Bxh6 Nxg6 21. Nxd5
cxd5 22. Qxc5 gxh6 23. Qxd5 Bf5 24. Qxb7 Rg8 25. Rc1 Nh4 26. g3 Rg7 27. Qc6
Qxc6 28. Rxc6 Be4 29. Rc8+ Kh7 30. Rf1 Nf3+ 31. Ke2 Bb7 32. Rc5 Ng5 33. Rfc1
Bf3+ 34. Ke1 Nxh3 35. Rc7 Ng5 36. Rxg7+ Kxg7 37. Rc7+ 1-0

[Event "Hilton Open 2010"]
[Site "Basel"]
[Date "2010.01.??"]
[Round "?"]
[White "Stojanovic, Mihajlo"]
[Black "Arounopoulos, Stephan"]
[Result "1-0"]
[WhiteElo "2585"]
[BlackElo "2135"]
[PlyCount "65"]
[EventDate "2009.12.28"]
[SourceDate "2009.12.28"]

1. Nf3 Nf6 2. c4 g6 3. Nc3 Bg7 4. g3 O-O 5. Bg2 d6 6. O-O e5 7. d4 Nbd7 8. b3
Re8 9. e3 a6 10. a4 Nh5 11. Ba3 e4 12. Nd2 f5 13. b4 c6 14. b5 Ndf6 15. bxc6
bxc6 16. Rb1 Bh6 17. Qb3 Ng4 18. Rfe1 Bg5 19. Qb6 Qd7 20. d5 c5 21. Qc6 Ra7 22.
Rb6 Bf6 23. Ndxe4 fxe4 24. Nxe4 Rxe4 25. Bxe4 Be7 26. Rb8 Qxc6 27. dxc6 Rc7 28.
Reb1 Kf7 29. R1b7 Bxb7 30. Bd5+ Kf6 31. cxb7 Ne5 32. Rf8+ Bxf8 33. b8=Q 1-0

[Event "Hilton Open 2010"]
[Site "Basel"]
[Date "2010.01.??"]
[Round "?"]
[White "Lafuente, Pablo"]
[Black "Hendriks, Willy"]
[Result "1/2-1/2"]
[WhiteElo "2550"]
[BlackElo "2432"]
[PlyCount "81"]
[SourceDate "2009.12.28"]

1. d4 Nf6 2. c4 g6 3. Nc3 Bg7 4. e4 d6 5. Bd3 O-O 6. Nge2 Nc6 7. O-O Nd7 8. Be3
e5 9. d5 Nd4 10. Rc1 f5 11. exf5 Nxf5 12. Bd2 Nc5 13. Bb1 a5 14. Ne4 Nxe4 15.
Bxe4 b6 16. Nc3 Rf7 17. b3 Nd4 18. Nb5 Qh4 19. f3 Bf5 20. Re1 Nxb5 21. cxb5 Bh6
22. Rc4 Bxd2 23. Qxd2 Bxe4 24. Rexe4 Qf6 25. Qc1 Qg7 26. Rc6 Rd8 27. b4 axb4
28. Rxb4 Rdd7 29. h3 Rfe7 30. Ra4 h5 31. Ra8+ Kh7 32. Rc4 Qf7 33. Qd2 Qf5 34.
Re4 Rg7 35. Re8 Rde7 36. Rxe7 Rxe7 37. h4 Rg7 38. Qc2 Qf7 39. Qd3 Qf6 40. Rc4
Re7 41. Re4 1/2-1/2

[Event "Hilton Open 2010"]
[Site "Basel"]
[Date "2010.01.??"]
[Round "?"]
[White "Dgebuadze, Alexandre"]
[Black "Mirzoev, Azer"]
[Result "1/2-1/2"]
[WhiteElo "2533"]
[BlackElo "2617"]
[PlyCount "31"]
[SourceDate "2009.12.28"]

1. e4 e5 2. Nf3 Nf6 3. d4 Nxe4 4. Bd3 d5 5. Nxe5 Nd7 6. Nxd7 Bxd7 7. O-O Be7 8.
c4 Nf6 9. Nc3 Be6 10. c5 O-O 11. Bf4 c6 12. b4 b6 13. Qc2 g6 14. Rfe1 Nh5 15.
Be5 Bf6 16. Bf1 1/2-1/2

[Event "Hilton Open 2010"]
[Site "Basel"]
[Date "2010.01.??"]
[Round "?"]
[White "Dgebuadze, Alexandre"]
[Black "Graeber, Fabien"]
[Result "1-0"]
[WhiteElo "2533"]
[BlackElo "2124"]
[PlyCount "103"]
[EventDate "2010.01.02"]
[SourceDate "2009.12.28"]

1. e4 e6 2. Qe2 c5 3. Nf3 Nc6 4. g3 g6 5. Bg2 Bg7 6. O-O Nge7 7. d3 O-O 8. Re1
Rb8 9. c3 b6 10. e5 Ba6 11. Na3 Qc7 12. h4 Rfd8 13. Bf4 Nd5 14. Bg5 f6 15. exf6
Nxf6 16. Bf4 e5 17. Nxe5 Nxe5 18. Bxe5 d6 19. Bxf6 Bxf6 20. Bd5+ Kh8 21. Nc2
Bc8 22. Ne3 Re8 23. Qf1 Qg7 24. Bc6 Bd7 25. Bxd7 Qxd7 26. Nd5 Be5 27. f4 Qf7
28. Qf3 h6 29. Kg2 Bg7 30. Rad1 Rxe1 31. Rxe1 Re8 32. Rxe8+ Qxe8 33. Qe4 Qf7
34. b3 h5 35. c4 Bf8 36. d4 Kh7 37. dxc5 dxc5 38. Ne3 Qg7 39. f5 g5 40. hxg5
Qxg5 41. Kf3 Qf6 42. Qh4 Qxh4 43. gxh4 Be7 44. Ng2 Kg7 45. Ke4 Kf7 46. Nf4 Bxh4
47. Nxh5 Ke7 48. Kd5 Kd7 49. Nf4 Bg5 50. Ng6 Bf6 51. Ne5+ Ke7 52. Nc6+ 1-0

[Event "Hilton Open 2010"]
[Site "Basel"]
[Date "2010.01.??"]
[Round "?"]
[White "Siebrecht, Sebastian"]
[Black "Aerni, Andi"]
[Result "1-0"]
[WhiteElo "2467"]
[BlackElo "2115"]
[PlyCount "53"]
[EventDate "2010.01.02"]
[SourceDate "2009.12.28"]

1. d4 Nf6 2. c4 e6 3. Nf3 b6 4. g3 Ba6 5. Qc2 c5 6. d5 exd5 7. cxd5 Bb7 8. e4
Qe7 9. Bd3 Nxd5 10. a3 f5 11. O-O fxe4 12. Re1 Nf6 13. Nc3 d5 14. Bg5 Nbd7 15.
Nb5 Ne5 16. Nxe5 Qxe5 17. Bf4 Qf5 18. f3 g5 19. fxe4 dxe4 20. Nc7+ Ke7 21. Bxg5
Qxg5 22. Bxe4 Bxe4 23. Rxe4+ Kf7 24. Rf1 Bd6 25. Qc4+ Kg6 26. Nxa8 Bxg3 27.
Rxf6+ 1-0

[Event "Hilton Open 2010"]
[Site "Basel"]
[Date "2010.01.??"]
[Round "?"]
[White "Heimann, Andreas"]
[Black "Ditzler, Juerg"]
[Result "1-0"]
[WhiteElo "2441"]
[BlackElo "2104"]
[PlyCount "47"]
[EventDate "2009.12.28"]
[SourceDate "2009.12.28"]

1. e4 g6 2. d4 Bg7 3. Nc3 d6 4. g3 Nc6 5. d5 Ne5 6. f4 Bg4 7. Be2 Bxe2 8. Ngxe2
Nd7 9. Be3 Ngf6 10. Nd4 Nc5 11. Qf3 Qd7 12. e5 Ng8 13. b4 Na6 14. O-O O-O-O 15.
b5 Nc5 16. Nc6 bxc6 17. bxc6 Qf5 18. Bxc5 dxe5 19. Qe2 Rd6 20. g4 Qf6 21. Ne4
Qh4 22. Rab1 e6 23. Qa6+ Kd8 24. Rb8+ 1-0

[Event "Hilton Open 2010"]
[Site "Basel"]
[Date "2010.01.??"]
[Round "?"]
[White "Eschbach, Dennis"]
[Black "Grandadam, Nicolas"]
[Result "1/2-1/2"]
[WhiteElo "2426"]
[BlackElo "2221"]
[PlyCount "54"]
[SourceDate "2009.12.28"]

1. e4 c5 2. Nf3 e6 3. d4 cxd4 4. Nxd4 a6 5. Nc3 Qc7 6. Bd3 Nf6 7. O-O d6 8. Qe2
Nc6 9. Nxc6 bxc6 10. Na4 Be7 11. c4 c5 12. f4 Nd7 13. b3 Bf6 14. Bb2 Bxb2 15.
Qxb2 O-O 16. Rae1 Bb7 17. Re3 f6 18. Qf2 e5 19. f5 Nb8 20. Qh4 Nc6 21. Rh3 h6
22. Rg3 Kh8 23. Be2 Nd4 24. Bh5 Bc6 25. Nc3 a5 26. Rh3 Rab8 27. Bd1 Qf7 1/2-1/2

[Event "Hilton Open 2010"]
[Site "Basel"]
[Date "2010.01.??"]
[Round "?"]
[White "Wirthensohn, Heinz"]
[Black "Stojanovic, Mihajlo"]
[Result "1/2-1/2"]
[WhiteElo "2393"]
[BlackElo "2585"]
[PlyCount "48"]
[SourceDate "2009.12.28"]

1. c4 c6 2. e4 d5 3. exd5 cxd5 4. cxd5 Nf6 5. Nc3 Nxd5 6. Nf3 e6 7. Bc4 Be7 8.
O-O O-O 9. d4 Nc6 10. Re1 Nxc3 11. bxc3 b6 12. Bd3 Bb7 13. h4 Bxh4 14. Nxh4
Qxh4 15. Re3 g6 16. Rg3 Qe7 17. Qh5 Kh8 18. Qh6 Qf6 19. Rh3 Qg7 20. Qxg7+ Kxg7
21. Bh6+ Kg8 22. Bxf8 Rxf8 23. Be4 Rc8 24. c4 Ba6 1/2-1/2

[Event "Hilton Open 2010"]
[Site "Basel"]
[Date "2010.01.??"]
[Round "?"]
[White "Milosevic, Goran"]
[Black "Weidt, Frank"]
[Result "1-0"]
[WhiteElo "2392"]
[BlackElo "2062"]
[PlyCount "71"]
[EventDate "2009.12.28"]
[SourceDate "2009.12.28"]

1. e4 d5 2. Nc3 dxe4 3. Nxe4 Qd5 4. Qf3 Nc6 5. c3 e5 6. Ng3 Be6 7. Bd3 Nf6 8.
Bf5 Rd8 9. Bxe6 Qxe6 10. Nh3 Bc5 11. O-O O-O 12. Re1 Qg4 13. b4 Qxf3 14. gxf3
Bd6 15. Bb2 Rfe8 16. Re2 Nd5 17. Rae1 Kf8 18. Ne4 Be7 19. a3 h6 20. Ng3 Nb6 21.
Bc1 f6 22. Re4 Rd3 23. f4 a6 24. Kg2 g6 25. fxe5 Nxe5 26. Nf4 Rd7 27. d4 g5 28.
dxe5 gxf4 29. Bxf4 fxe5 30. Bxh6+ Kf7 31. Rxe5 Nc4 32. Rf5+ Kg6 33. Re6+ Kh7
34. Bg5 Nd6 35. Rd5 c6 36. Rd4 1-0

[Event "Hilton Open 2010"]
[Site "Basel"]
[Date "2010.01.??"]
[Round "?"]
[White "Milliet, Sophie"]
[Black "Filipovic, Branko"]
[Result "1/2-1/2"]
[WhiteElo "2390"]
[BlackElo "2450"]
[PlyCount "58"]
[SourceDate "2009.12.28"]

1. e4 b6 2. d4 Bb7 3. Bd3 e6 4. Nf3 Nf6 5. Qe2 d5 6. e5 Nfd7 7. Bg5 Qc8 8. O-O
Ba6 9. c4 dxc4 10. Bxc4 Bxc4 11. Qxc4 c6 12. Nc3 Qa6 13. Qb3 h6 14. Bh4 g5 15.
Bg3 Qd3 16. Rad1 Qg6 17. Qc4 b5 18. Qe2 Be7 19. a4 a6 20. axb5 axb5 21. Ra1
Rxa1 22. Rxa1 O-O 23. Ne4 Nb6 24. Ra7 Nd5 25. h4 g4 26. Ne1 c5 27. dxc5 Nc6 28.
Ra1 b4 29. Rc1 Qh5 1/2-1/2

[Event "Hilton Open 2010"]
[Site "Basel"]
[Date "2010.01.??"]
[Round "?"]
[White "Dann, Matthias"]
[Black "Melkumjanc, Nikolaj"]
[Result "1-0"]
[WhiteElo "2317"]
[BlackElo "2291"]
[PlyCount "101"]
[SourceDate "2009.12.28"]

1. e4 g6 2. d4 Bg7 3. Nc3 d6 4. Be3 c6 5. f4 d5 6. e5 h5 7. Nf3 Nh6 8. h3 Nf5
9. Bf2 h4 10. Bd3 e6 11. O-O Bf8 12. b3 Be7 13. Ne2 a5 14. c4 Na6 15. a3 Bd7
16. Kh2 b5 17. Qd2 Nc7 18. Nc3 Kf8 19. Nd1 bxc4 20. bxc4 dxc4 21. Bxc4 Nd5 22.
Nc3 Kg7 23. Ne4 Bc8 24. Nc5 Rh5 25. Rab1 Ra7 26. Rb8 Qc7 27. Rfb1 Rh8 28. Bd3
Rd8 29. Bxf5 exf5 30. Bxh4 Bxh4 31. Nxh4 Nb4 32. Rxc8 Rxc8 33. axb4 a4 34. Nf3
a3 35. Ng5 Qe7 36. d5 cxd5 37. Qxd5 Kg8 38. Ra1 Rb8 39. Qc4 Rd8 40. Qc3 a2 41.
e6 f6 42. Nf7 Rda8 43. Qg3 g5 44. fxg5 fxg5 45. Qe5 Qc7 46. Nd6 Qg7 47. Qxg7+
Kxg7 48. e7 Rxe7 49. Nxf5+ Kf6 50. Nxe7 Kxe7 51. Nb3 1-0

[Event "Hilton Open 2010"]
[Site "Basel"]
[Date "2010.01.??"]
[Round "?"]
[White "Dann, Matthias"]
[Black "Perman, Torvald"]
[Result "1-0"]
[WhiteElo "2317"]
[BlackElo "2055"]
[PlyCount "159"]
[EventDate "2010.01.02"]
[SourceDate "2009.12.28"]

1. e4 c5 2. Nf3 e6 3. d4 cxd4 4. Nxd4 a6 5. Nc3 Qc7 6. Bd3 Nf6 7. f4 d6 8. Qf3
Nc6 9. Nb3 Be7 10. g4 O-O 11. g5 Nd7 12. Bd2 b5 13. O-O-O b4 14. Nd5 exd5 15.
exd5 Nce5 16. fxe5 Nxe5 17. Qe4 g6 18. Nd4 Bd7 19. h4 Rfb8 20. Kb1 Bf8 21. h5
Bg7 22. hxg6 hxg6 23. Bf4 Re8 24. Bxe5 Rxe5 25. Qf3 Rxg5 26. Rdf1 Bg4 27. Qf4
Rxd5 28. Qxg4 Rxd4 29. Qh3 Rxd3 30. Qxd3 Rc8 31. Rh4 a5 32. Rhf4 Re8 33. a3
bxa3 34. Rxf7 Qxf7 35. Rxf7 Kxf7 36. Qxa3 Rb8 37. c3 Ke6 38. Qa2+ Kf5 39. Qf7+
Bf6 40. Qc7 Re8 41. Qxd6 Re5 42. Kc2 g5 43. Kd3 g4 44. Qd7+ Kf4 45. Qd4+ Kf5
46. Qf2+ Kg5 47. c4 Be7 48. Qd4 Kf5 49. Qd7+ Kg5 50. Qc8 Kf4 51. Qg8 Bb4 52.
Qf7+ Kg5 53. Kd4 Rf5 54. Qg7+ Kf4 55. Qc7+ Kf3 56. Qc6+ Kf4 57. Qe4+ Kg5 58.
Qe3+ Kh4 59. Ke4 Rf3 60. Qg1 Kg5 61. c5 Rf4+ 62. Kd3 Rf3+ 63. Ke2 Rf5 64. c6
Bd6 65. Qe3+ Rf4 66. c7 Bxc7 67. Qe7+ Kf5 68. Qxc7 g3 69. Qxa5+ Kg4 70. Qd5 Kh3
71. Qh1+ Kg4 72. b3 Rf2+ 73. Ke3 Rh2 74. Qf3+ Kh3 75. Qf1+ Kg4 76. Qb1 g2 77.
Kf2 Kf4 78. Qc1+ Kg4 79. Qc4+ Kh3 80. Qd3+ 1-0